| 000 | 01202cam a2200181 4500500 | ||
|---|---|---|---|
| 005 | 20260405003631.0 | ||
| 041 | _afre | ||
| 042 | _adc | ||
| 100 | 1 | 0 |
_aBello, Walden _eauthor |
| 700 | 1 | 0 |
_aAbesamis, Carlos H. _eauthor |
| 700 | 1 | 0 |
_aSandor, Monica _eauthor |
| 245 | 0 | 0 | _aNotre engagement dans l’histoire contemporaine et nos raisons |
| 260 | _c2005. | ||
| 500 | _a58 | ||
| 520 | _aThe first part of the article gives a thumbnail picture of today’s world, dominated by big financial and trade institutions and by the wealthy elite of the world. US President George W. Bush is at the helm of global policies which victimize nature and people, especially the poor. The second part says that a follower of Jesus cannot rest content with a purely personalistic, private, a-historical spirituality. Salvation or the Kingdom of God means a new world, experiencing a new history. The disciple is mandated to engage in contributing to create alternatives to the unjust and inhumane world of corporate globalization. | ||
| 786 | 0 | _nLumen Vitae | Volume LX | 1 | 2005-01-01 | p. 35-51 | 0024-7324 | |
| 856 | 4 | 1 | _uhttps://shs.cairn.info/revue-lumen-vitae-2005-1-page-35?lang=fr&redirect-ssocas=7080 |
| 999 |
_c2069486 _d2069486 |
||